[Event "AUTO-BEG-502"]
[Site "http://www.queenalice.com/game.php?id=977159"]
[Date "2011.8.26"]
[Round "1"]
[White "dlabedz"]
[Black "CaptnAmerca"]
[Result "0-1"]
[WhiteElo "1337"]
[BlackElo "1337"]

1. d4 Nf6 2. d5 g6 3. c4 Bg7 4. Nc3 O-O 5. e4 e5 6. h3 c6 7. d6 Qa5 8. Bd2 Qd8
9. c5 b6 10. b4 a5 11. Na4 bxc5 12. bxc5 Nxe4 13. Be3 Ng5 14. Qd2 e4 15. Rb1 Qf6
16. Bxg5 Qf5 17. Qe3 Re8 18. g4 Qd5 19. Nc3 Bxc3+ 20. Ke2 Qc4+ 21. Kd1 Qa4+ 22.
Ke2 Qc2+ 23. Qd2 Bxd2 24. Bxd2 Qxb1 25. Ke3 Qxf1 26. f4 a4 27. g5 Na6 28. h4
Nxc5 0-1

[Event "AUTO-BEG-502"]
[Site "http://www.queenalice.com/game.php?id=977160"]
[Date "2011.8.26"]
[Round "1"]
[White "CaptnAmerca"]
[Black "Severynnas"]
[Result "1-0"]
[WhiteElo "1334"]
[BlackElo "1129"]

1. e4 h6 2. Nf3 c5 3. d3 Qa5+ 4. Nbd2 Nf6 5. g3 e6 6. Bg2 Bd6 7. O-O O-O 8. Nc4
Qb4 9. a4 Ng4 10. Bd2 Qxc4 11. dxc4 Na6 12. b4 cxb4 13. e5 Nxe5 14. Rb1 Nxc4 15.
Bf4 Bxf4 16. gxf4 d5 17. f5 exf5 18. Qxd5 Be6 19. Qd1 Rfd8 20. Nd4 Re8 21. Bxb7
Rad8 22. Bxa6 Bd7 23. Bxc4 Bxa4 24. Bb3 Bxb3 25. cxb3 Rd5 26. f4 Re4 27. Rb2 g6
28. Rd2 a5 29. Nc6 Rb5 30. Rd8+ Kg7 31. Qa1+ f6 32. Rd7+ Kf8 33. Qxf6+ Kg8 34.
Qg7# 1-0

[Event "AUTO-BEG-502"]
[Site "http://www.queenalice.com/game.php?id=977161"]
[Date "2011.8.26"]
[Round "1"]
[White "Severynnas"]
[Black "CaptnAmerca"]
[Result "0-1"]
[WhiteElo "1140"]
[BlackElo "1325"]

1. d4 Nf6 2. f4 g6 3. Nc3 Bg7 4. Nf3 O-O 5. e3 d6 6. Bb5 e5 7. fxe5 c6 8. Be2
Qa5 9. O-O dxe5 10. dxe5 Nd5 11. Nxd5 cxd5 12. c3 h5 13. g3 Nc6 14. b4 Qd8 15.
h3 Bxh3 16. Rf2 g5 17. Nd4 Ne7 18. Rh2 g4 19. Nb5 Bxe5 20. Nd4 Bxg3 21. Rh1 f5
22. Bf1 f4 23. Ne6 Qd6 24. Bxh3 Qxe6 25. Bf1 fxe3 26. Bd3 h4 27. a4 h3 28. Be2
Bf2+ 29. Kf1 g3 30. Rxh3 Qxh3# 0-1

[Event "Challenge"]
[Site "http://www.queenalice.com/game.php?id=984578"]
[Date "2011.9.12"]
[Round "-"]
[White "Huxley"]
[Black "CaptnAmerca"]
[Result "1-0"]
[WhiteElo "1559"]
[BlackElo "1337"]

1. e4 c5 2. Nf3 d6 3. d4 cxd4 4. Nxd4 Nf6 5. Nc3 a6 6. Bc4 e6 7. Bg5 Nbd7 8. O-O
Qb6 9. Be3 Nc5 10. Qf3 Be7 11. Nb3 Bd7 12. Nxc5 dxc5 13. e5 Bc6 14. Qg3 g6 15.
exf6 Bxf6 16. Bd2 Qb4 17. Rfd1 Qxc4 18. b3 Qb4 19. Nd5 Be5 20. Qxe5 Qg4 21. h3
Qh5 22. Qxh8+ Kd7 23. Qxa8 Bxd5 24. Ba5 Qg5 25. g3 f5 26. h4 Qe7 27. c4 Qe8 28.
Qxe8+ Kxe8 29. cxd5 exd5 30. Rxd5 Kf7 31. Rxc5 Kf6 32. Rd1 g5 33. Rd6+ Kg7 34.
Rc7+ Kf8 35. Rd8# 1-0

[Event "Burrito Challenge"]
[Site "http://www.queenalice.com/game.php?id=987782"]
[Date "2011.9.20"]
[Round "-"]
[White "ReX13"]
[Black "CaptnAmerca"]
[Result "1-0"]
[WhiteElo "1500"]
[BlackElo "1337"]

1. e4 c5 2. Bc4 e6 3. Nf3 Nf6 4. Nc3 g6 5. d4 cxd4 6. Nxd4 Bg7 7. e5 Ng4 8. Qxg4
Bxe5 9. Nf3 Bf6 10. O-O a6 11. a4 d5 12. Bb3 b5 13. axb5 e5 14. Qa4 Bb7 15. Qb4
Qc7 16. Nxd5 Qc8 17. Nxf6+ Kd8 18. Nd5 axb5 19. Qxb5 Rxa1 20. Bg5+ f6 21. Bxf6#
1-0

[Event "sorim"]
[Site "http://www.queenalice.com/game.php?id=989118"]
[Date "2011.9.24"]
[Round "1"]
[White "CaptnAmerca"]
[Black "adrb"]
[Result "0-1"]
[WhiteElo "1353"]
[BlackElo "1969"]

1. e4 c5 2. Nf3 d6 3. d4 cxd4 4. Nxd4 Nf6 5. Nc3 g6 6. Be3 Bg7 7. f3 O-O 8. Qd2
Nc6 9. Bc4 Nd7 10. O-O-O Nb6 11. Bb3 Na5 12. h4 Nac4 13. Qe2 Nxe3 14. Qxe3 Bd7
15. h5 a5 16. h6 Bf6 17. g4 e5 18. Nde2 a4 19. g5 Bxg5 20. f4 exf4 21. Nxf4 axb3
22. cxb3 Be6 23. Ncd5 Nxd5 24. exd5 Bf5 25. a4 Rc8+ 26. Kd2 Rc2+ 27. Ke1 Qa5+
28. Kf1 Bxf4 29. Qxf4 Qa6+ 30. Kg1 Re8 31. Rf1 Qa7+ 32. Rf2 Re1+ 33. Kh2 Rxf2+
0-1

[Event "Cage Potato"]
[Site "http://www.queenalice.com/game.php?id=996848"]
[Date "2011.10.13"]
[Round "2"]
[White "CaptnAmerca"]
[Black "ReX13"]
[Result "0-1"]
[WhiteElo "1399"]
[BlackElo "1421"]

1. e4 e5 2. Nf3 Nc6 3. d3 Bc5 4. Nbd2 d5 5. g3 Nf6 6. Bg2 dxe4 7. Nxe5 Nxe5 8.
Nxe4 Nxe4 9. Bxe4 Bg4 10. f3 Bh5 11. g4 Bg6 12. h4 h5 13. Bg5 f6 14. Bxg6+ Nxg6
15. Qe2+ Ne7 16. O-O-O fxg5 17. hxg5 Qd5 18. Rhf1 O-O-O 19. f4 Bb4 20. Kb1 Rd6
21. gxh5 Ra6 22. Qg4+ Kb8 23. f5 Qxa2+ 24. Kc1 Qa1# 0-1

[Event "Challenge"]
[Site "http://www.queenalice.com/game.php?id=999145"]
[Date "2011.10.19"]
[Round "-"]
[White "ReX13"]
[Black "CaptnAmerca"]
[Result "0-1"]
[WhiteElo "1468"]
[BlackElo "1399"]

1. e4 c6 2. Bc4 d5 3. exd5 cxd5 4. Bb3 e5 5. d4 Nc6 6. dxe5 Be6 7. Nc3 Bb4 8.
Nf3 d4 9. a3 dxc3 10. axb4 Qxd1+ 11. Kxd1 O-O-O+ 12. Ke2 Bxb3 13. cxb3 c2 14.
Ng5 Nd4+ 15. Kd3 Nxb3+ 16. Kc3 Nd4 17. Nxf7 Ne7 18. Bg5 Rd7 19. Nxh8 Nec6 20.
Rhe1 Rc7 21. e6 h6 22. Bf4 Re7 23. b5 Nxb5+ 24. Kc4 a6 25. Rac1 g5 26. Bd2 Nbd4
27. Ng6 b5+ 28. Kc5 Kb7 29. Nxe7 Nb3+ 30. Kd6 Ncd4 31. Bc3 Ne2 32. Rxe2 Nxc1 33.
Re1 Nd3 34. Nf5 Nxe1 35. Bxe1 c1=Q 36. Bc3 Qf4+ 37. Kd7 Qxf5 38. g3 Qxf2 39. e7
Qf7 40. Be5 Qd5+ 41. Bd6 Qf5+ 42. Kd8 Qc8# 0-1

[Event "AUTO-INT-2183"]
[Site "http://www.queenalice.com/game.php?id=1002896"]
[Date "2011.10.30"]
[Round "1"]
[White "CaptnAmerca"]
[Black "LukeKovacs"]
[Result "0-1"]
[WhiteElo "1474"]
[BlackElo "1570"]

1. Nf3 Nf6 2. d3 d5 3. Nbd2 Bg4 4. e4 c6 5. g3 dxe4 6. Nxe4 Nxe4 7. dxe4 Qxd1+
8. Kxd1 Bxf3+ 9. Be2 Bxh1 10. e5 e6 11. f3 Na6 12. Be3 Rd8+ 13. Bd3 Bxf3+ 14.
Kd2 Bb4+ 15. c3 Nc5 16. Bxc5 Bxc5 17. Rf1 Be4 18. Rd1 Rxd3+ 19. Ke2 Rxd1 20.
Kxd1 O-O 21. b4 Rd8+ 22. Kc1 Be3+ 23. Kb2 b5 24. h4 Rd1 25. c4 Bd4+ 0-1